00641nam a22001817a 4500003000500000005001700005008004100022010001000063011001000073035001000083040000900093100004100102245014500143260003800288300000900326502010100335650002300436CHAP20220329135652.0971013s1971 r 00010 d a40230 a41202 a45328 cCHAP00aMorán Marroquín, José Antonio. aEvaluación del valor nutritivo y producción de zacates nativos en el rancho El Porvenir localizado en el Municipio de Zaragoza, Coahuila aMonterrey, N.L. :bElautor,c1971 a70 h aTesis (Ing. Agrónomo Zootecnista) -- ITESM. División de Ciencias Agropecuarias y Marítimas14aPastos forrajeros.